000
00244nam a2200109Ia 4500
008
240625s9999 xx 000 0 und d
041
_a
eng
082
_a
337 PUG
100
_a
PUGEL THOMAS A
245
_a
INTERNATIONAL ECONOMICS
260
_c
2011
999
_c
40402
_d
40402